000
00358nam a22001217a 4500
999
_c
13584
_d
13584
082
_a
297.6
100
_a
مولانا امیر الدین مہر
245
_a
تعمیر معاشرہ میں مسجد کا کردار
260
_a
کراچی
_b
النور پبلیکیشنز
_c
٢٠٠٥
300
_a
٢٤٠ صفحات
650
_a
Masjid, Society
942
_c
BK